Knihovnícky obzor časopis pre knihovníkov okresu Humenné

Bibliographic Details
Format: Serial
Language:Slovak
PhysicalDescription:1 zv. cm
Published: Humenné Okresná knižnica Humenné [1972]
Subjects:

MARC

LEADER 00000cas a2200000 a 4500
001 vtls010433963
003 SK-MaSNL
005 20260228160351.0
008 120703d19721972xo gr| 0 0slo
040 |a SNK  |b slo  |c SNK  |e AACR2 
041 0 |a slo 
044 |a xo  |c SK 
072 7 |a 02  |x Knihovníctvo. Informatika  |2 konspekt 
080 |a 02  |2 2011 
080 |a 021.89  |2 2011 
080 |a 050  |2 2011 
080 |a (051)-048.55  |2 2011 
245 0 0 |a Knihovnícky obzor  |b časopis pre knihovníkov okresu Humenné 
260 |a Humenné  |b Okresná knižnica Humenné  |c [1972] 
300 |a 1 zv.  |c cm 
310 |a 2x ročne 
362 0 |a [Č. 1 (1972)-č. 2 (1972)]  |z SKP 
650 0 7 |a knihovníctvo  |2 SNKPH  |9 1557 
655 7 |a špecializované časopisy  |2 SNKPH  |9 70509 
710 2 |a Okresná knižnica (Humenné, Slovensko)  |4 pbl  |9 32796 
910 |a snk 
999 |c 2287  |d 4217 
952 |0 0  |1 0  |4 0  |7 0  |a SNK  |b SNK  |d 2012-07-03  |i snkČSP 732/72  |l 0  |o snkČSB 2793/1972  |p 17A0847469  |r 2026-02-21 20:30:11  |t č. 1-2  |w 2026-02-21  |y PREZ